000 00824nam a22002177a 4500
005 20110224145937.0
008 110224t xxu||||| |||| 00| 0ben d
010 _aBEN-8389
020 _a9788177567649
_c150.00
035 _aBN-6593
037 _bDBAD/PUB
040 _aDPL
_bBN
100 _926208
_aচক্রবর্তী সমরfজত
245 _aউিনশ কুিডর়/
_cিদলীপ কুমার বেন্দাপাধ্য়ায়
246 _aBanglar Nad Nadi
_b byDilip Kumar Bandhopadhya
260 _aকলকাতা
_bেদ'জ পাবিলিশং
_c2007
270 _a13 বিকংম চট্টর্জী িস্টীট
_bকলকাতা
_e700073
300 3 _a264 p
_c22cm (HB)
700 _926212
942 _2ddc
_cBN
_mবেন্দাপা
999 _c50838
_d50838